000 01464nam a22001697a 4500
999 _c25290
_d25290
020 _a9788185835861
082 _a324.254075092
_bBAN-F
100 _aBanerjee, Subrata
245 _aFragments of time
_b: memoirs of a romantic revolutionary
260 _aChandigarh
_bCentre for Research in Rural and Industrial Development
_c2017
300 _axxii, 494p.
504 _aincludes index
520 _aIn Fragments of Time Subrata Banerjee chronicles the history of almost all of the 20th century and beyond. It is a vivid account of is unconventional childhood in Dhaka and Calcutta; his youth in the turbulent times of the Indian freedom movement when began his lasting commitment to Marxism; his experience in the army at the eastern front during world war II his years of advertising and marketing in Calcutta and Bombay; a diplomatic stint in Dhaka, the city of his birth; and eventually a return to journalism, his first love. His acute awareness of global events and their consequences for the impoverished of the world made him an eventuate political activist and commentator. His personal and professional life was enriched by the many people from the different nations and cultures who crossed his path and who find their place in these memories.
546 _a 6 1096578 6 1212101 1892339 Communists 6 870612
650 _aCommunism
_vJournalists
_vCommunist Party of India
_vRevolutionaries
_zIndia
_zKolkata
_zBangladesh
_zDhaka
942 _2ddc
_cBK